MDQL
is popping MORE tags! Check the
thread
!
Quizzes
Events
Quiz Creation
Community
Videos
Private Events
Remove Ads
Sign In
Join for FREE
Feedback
Dark Mode
Quiz Categories
Sports
Geography
Music
Movies
Television
Just For Fun
Miscellaneous
History
Literature
Language
Science
Gaming
Entertainment
Religion
Holiday
For Kids
Quiz Lab
Recent
Popular Today
Quiz Kudos Today
Editor Picks
Curator Picks
Quizzes by...
Day
Popularity
Type
Ratings
Length
Year
Community
Subscriptions
Recent Discussions
Orange Saloon
Badges
Playlists
Quests
Create
Leaderboards
Showdown
Live 5
Trivia Bingo
Activity
Puzzle Library
Sporcle Events
Private Events
Virtual Trivia
Globe League
Become a Host
Pub Owners
SporcleCon
Opinionation
Our Games
Videos
Blog
Mobile Apps
Partnerships
Remove Ads and Go Orange
Feedback
Geography
Country
Landmarks
City
State
Population
World
Capital
Continent
Flags
Europe
Africa
Asia
South America
North America
Oceania
Border
Canada
United Kingdom
Topography
United States
Geography
Country
Landmarks
City
State
Population
World
Capital
Continent
Flags
Europe
Africa
Asia
South America
North America
Oceania
Border
Canada
United Kingdom
Topography
United States
Random Quiz
Search Sporcle
×
Quiz Lab
Quiz Lab
Geography
Flights From
Type in answers that appear in a list
Type in answers that appear in a list
Classic
Best Score? Go Orange.
How to get to these islands 3 Stats
From where can you fly to get to these islands?
By
mykl
10m
63 Questions
107 Plays
107 Plays
107 Plays
Comments
Comments
Give Quiz Kudos
Give Quiz Kudos
-
- Ratings
hide this ad
Replay
Link that replays current quiz
Next Quiz
Link to next quiz in quiz playlist
You Got
0%
They Got
Avg Score
38%
Avg Friend Score
Upgrade to see
Score Distribution
Jump to the score distribution portion of the page
Score
0/63
Timer
10:00
0
Plays Today
Hint
Answer
% Correct
Lord Howe Island Airport, Lord Howe, Australia
Sydney
94.4%
Fua'amotu International Airport, Tongatapu Island, Tonga
Sydney
94.4%
Svalbard Airport, Longyearbyen, Svalbard, Norway
Oslo Gardermoen
86%
Langkawi International Airport, Langkawi, Malaysia
Kuala Lumpur International
83.2%
Langkawi International Airport, Langkawi, Malaysia
Kuala Lumpur Subang
83.2%
Qeshm International Airport, Qeshm Island, Iran
Tehran Mehrabad
81.3%
Fua'amotu International Airport, Tongatapu Island, Tonga
Auckland
80.4%
Stornoway Airport, Lewis, Outer Hebrides, UK
Glasgow
78.5%
Kinmen Airport, Kinmen, Taiwan
Taipei
78.5%
Seymour Airport, Baltra, Galapagos Islands, Ecuador
Quito
77.6%
Stornoway Airport, Lewis, Outer Hebrides, UK
Edinburgh
77.6%
Lord Howe Island Airport, Lord Howe, Australia
Brisbane
75.7%
Langkawi International Airport, Langkawi, Malaysia
Singapore
74.8%
Stornoway Airport, Lewis, Outer Hebrides, UK
Aberdeen
67.3%
Seymour Airport, Baltra, Galapagos Islands, Ecuador
Guayaquil
62.6%
Kulusuk Airport, Kulusuk Island, Greenland
Reykjavik Domestic
62.6%
Qeshm International Airport, Qeshm Island, Iran
Dubai
62.6%
Sir Gaëtan Duval Airport, Rodrigues Island, Mauritius
Mauritius
61.7%
Funafuti International Airport, Tuvalu
Suva
58.9%
Fua'amotu International Airport, Tongatapu Island, Tonga
Suva
58.9%
Kulusuk Airport, Kulusuk Island, Greenland
Nuuk
57.9%
Annobón Airport, Annobón Island, Equatorial Guinea
Malabo
56.1%
Stornoway Airport, Lewis, Outer Hebrides, UK
Inverness
54.2%
Fua'amotu International Airport, Tongatapu Island, Tonga
Apia
47.7%
Svalbard Airport, Longyearbyen, Svalbard, Norway
Tromsø
46.7%
Qeshm International Airport, Qeshm Island, Iran
Esfahan
44.9%
Kinmen Airport, Kinmen, Taiwan
Kaohsiung
43.9%
Qeshm International Airport, Qeshm Island, Iran
Shiraz
41.1%
Qeshm International Airport, Qeshm Island, Iran
Mashhad
40.2%
Stornoway Airport, Lewis, Outer Hebrides, UK
Manchester
36.4%
Svalbard Airport, Longyearbyen, Svalbard, Norway
Moscow Sheremetyevo
34.6%
Svalbard Airport, Longyearbyen, Svalbard, Norway
Moscow Domodedovo
34.6%
Hint
Answer
% Correct
Funafuti International Airport, Tuvalu
Nadi
33.6%
Fua'amotu International Airport, Tongatapu Island, Tonga
Nadi
33.6%
Langkawi International Airport, Langkawi, Malaysia
Penang
30.8%
Kinmen Airport, Kinmen, Taiwan
Taichung
28%
Qeshm International Airport, Qeshm Island, Iran
Tabriz
27.1%
Langkawi International Airport, Langkawi, Malaysia
Guangzhou
25.2%
Annobón Airport, Annobón Island, Equatorial Guinea
Bata
23.4%
Kinmen Airport, Kinmen, Taiwan
Tainan
21.5%
Fua'amotu International Airport, Tongatapu Island, Tonga
Pago Pago
19.6%
Langkawi International Airport, Langkawi, Malaysia
Johor Bahru
18.7%
Langkawi International Airport, Langkawi, Malaysia
Kuching
15.9%
Langkawi International Airport, Langkawi, Malaysia
Shenzhen
15%
Qeshm International Airport, Qeshm Island, Iran
Kermanshah
11.2%
Qeshm International Airport, Qeshm Island, Iran
Kish Island
10.3%
Stornoway Airport, Lewis, Outer Hebrides, UK
Benbecula
7.5%
Qeshm International Airport, Qeshm Island, Iran
Rasht
7.5%
Kinmen Airport, Kinmen, Taiwan
Chiayi
6.5%
Svalbard Airport, Longyearbyen, Svalbard, Norway
Ny Alesund
6.5%
Svalbard Airport, Longyearbyen, Svalbard, Norway
Barentsburg
5.6%
Svalbard Airport, Longyearbyen, Svalbard, Norway
Svea
5.6%
Qeshm International Airport, Qeshm Island, Iran
Gorgan
5.6%
Qeshm International Airport, Qeshm Island, Iran
Shahrekord
4.7%
Svalbard Airport, Longyearbyen, Svalbard, Norway
Pyramiden
4.7%
Sir Gaëtan Duval Airport, Rodrigues Island, Mauritius
St Pierre de la Reunion
3.7%
Lord Howe Island Airport, Lord Howe, Australia
Port Macquarie
3.7%
Kulusuk Airport, Kulusuk Island, Greenland
Tasiilaq
3.7%
Fua'amotu International Airport, Tongatapu Island, Tonga
Vava'u
3.7%
Seymour Airport, Baltra, Galapagos Islands, Ecuador
San Cristobal (Galapagos)
2.8%
Kulusuk Airport, Kulusuk Island, Greenland
Nerlerit Inaat
2.8%
Fua'amotu International Airport, Tongatapu Island, Tonga
'Eua
2.8%
Fua'amotu International Airport, Tongatapu Island, Tonga
Ha'apai
2.8%
Quiz Playlist
Details
Report
Send in Message
Add To Playlist
Classic:
Type in answers that appear in a list
Last Updated: Jun 24, 2017
Quiz Scoreboard
CHALLENGE
Sign Up to Join the Scoreboard
Show All
Scores
Hide
Comments
May contain spoilers
Recently Published
Street Fighter Characters
by Artimus82
Gaming
60s
9x9 Crossword: Cartoon Network
by jackfrog10
Miscellaneous
3m
College Basketball Coaching Resumes
by pancakes188
Sports
9m
More to Explore
Quiz From the Vault
Featured Blog Post
Where Did the Easter Bunny Come From?
hide this ad
You Might Also Like...
Tags
airport
destination
flight
Flights From
International Airport
International Destinations
island
Today's Top Quizzes in Geography
Browse Geography
hide this ad
Today's Top Quizzes in Flights From
Browse Flights From
Top Contributed Quizzes in Geography
1
Countries of the World - No Outlines Minefield
2
Top 25 Cities of France on a map
3
Any capital of a 'B' country per Continent
4
Any capital of a 'C' country per Continent
5
Closest Countries to UK A-Z
6
Any capital of a 'D' country per Continent
7
5-to-1: US Geography No Hints
8
Any capital of an 'E' country per Continent
9
Find the US States - No Outlines
10
Any capital of an 'F' country per Continent
Explore More
Trending Topics
Crossword
NBA
Marvel
Kpop
Harry Potter
Anime
Disney
Pokémon
Soccer
NFL
Country
WWE
Song
Puzzle
The Office
hide this ad
More By:
mykl
Quiz
Plays
Rating
Category
Featured
Created
British Citizens Overseas
60,611
4.60
Geography
Jul 25, 2011
Smaller Population Than the Faroe Islands
38,401
4.73
Geography
Jun 29, 2012
Least Connected Capitals: Europe (Updated May 2023)
8,561
4.71
Geography
May 25, 2013
100 Smallest Capitals Minefield
6,774
4.21
Geography
Jan 16, 2012
Where would Scotland fit in EU? - Population
5,261
4.81
Geography
Mar 16, 2013
Go to Creator's Profile
Score Distribution
Quiz Creator Spotlight
mykl
Follow
Send a Message
Quizzes Created
-
Created Quiz Play Count
-
More By This Creator
Popular Quizzes Today
1
Find the US States - No Outlines Minefield
2
Find the Countries of Europe - No Outlines Minefield
3
The Countries of the World
4
Find the US States
5
Risky Map Clicking: Biggest States A-Z
6
US States
7
Popular People in 1961
8
Movies - When Are They Set?
More Geography Quizzes
Smallest Answer: 'J' Countries
Quiz Lab
Trending Quizzes
Risky Map Clicking: Least Populous States A-Z
Countries of the World: 200 Million BC
1-10 Letter G Words
Risky Map Clicking: Next State Alphabetically
Adjectives in 80s TV Shows
Recently Updated
Leaping Animals
pecheneg
Reality TV Shows (A-Z)
bhenderson79
Rickey Henderson's Hall of Fame Teammates
pecheneg
Champions League XIs: Arsenal
pecheneg
Quick Pick: Celebrities in WWE's Hall of Fame
aduchscher
A-Z Keypad Blitz II
pecheneg
Multiple Oscar Actors
pecheneg
Mystery Phrase Blitz: Oscar 'Best Actors'
pecheneg
F. Scott Fitzgerald Novels
LTH
Pick 3 Villains
ddd62291
Trending Topics
Kpop
Harry Potter
Disney
Marvel
Crossword
NBA
Anime
Pokémon
NFL
Song
Soccer
Puzzle
WWE
Country
The Office
Your Account Isn't Verified!
In order to create a playlist on Sporcle, you need to verify the email address you used during registration. Go to your
Sporcle Settings
to finish the process.
Report this User
Report this user for behavior that violates our
Community Guidelines
.
Details:
Send Report
Go to the Sporcle.com Mobile Site →
Comments